Introduction à l’étude du Droit Civil (Registro nro. 302718)

Detalles MARC
000 -ENCABEZADO
Número de control [NR] 01682nam a22002777a 4500
005 - FECHA Y HORA DE LA ÚLTIMA TRANSACCIÓN
control field 20180601153351.0
008 - DE LONGITUD FIJA DE DATOS DE ELEMENTOS - INFORMACIÓN GENERAL
Elementos de longitud fija [NR] 140710q1897 fr ||||fr|||| 001 0 fre d
040 ## - FUENTE DE CATALOGACION [NR]
Quien Cataloga Sandra Yazo
Quien Clasifica Sandra Yazo
041 0# - CODIGO DE IDIOMA [R]
Código de idioma para texto/pista de sonido o título separado [R] Francés
082 04 - NUMERO DE CLASIFICACION DECIMAL DEWEY [R]
Número de la edición [NR] 20
Número de clasificación [R] 340.56944
092 ## - SIGNATURA TOPOGRAFICA LOCAL
Número de clasificación local E38N050
100 1# - ASIENTO PRINCIPAL--NOMBRE PERSONAL [NR]
Nombre personal [NR] Capitant, Henri
Fechas asociadas con el nombre [NR] 1865-1937
ID Autoridad 62767
242 00 - TRADUCCION DEL TITULO POR LA AGENCIA CATALOGADORA [R]
Título [NR] Introducción al estudio del Derecho Civil
Parte restante del título [NR] Nociones generales
Mención de responsabilidad, etc. [NR] por Henri Capitant
Código de idioma del título traducido [NR] spa
245 10 - MENCION DE TITULO [NR]
Título [NR] Introduction à l’étude du Droit Civil
Parte restante del título [NR] Notions Générales
Mención de responsabilidad, etc. [NR] par Henri Capitant
250 ## - MENCION DE EDICION [NR]
Mención de edición [NR] Cinquème édition [Quinta edición]
260 ## - PUBLICACION, DISTRIBUCION, ETC. (PIE DE IMPRENTA) [R]
Lugar de publicación, distribución, etc. [R] París (Francia)
Nombre del editor, distribuidor, etc. [R] A. Pedone
Fecha de publicación, distribución, etc. [R] [fecha desconocida]
300 ## - DESCRIPCION FISICA [R]
Extensión [R] 423 páginas
Dimensiones [R] 21 x 14 cm.
500 ## - NOTA GENERAL [R]
Nota general [NR] Detalles físicos: Encuadernación rígida (holandesa) en cartón duro forrado en papel. Lomo en tela con adornos en dorado. Tapas con bordes raspados. Guardas. Anteportada. Portada impresa en una sola tinta, con diferentes tipos de letra. Texto impreso en una sola columna. Notas al pie de página
505 0# - NOTA DE CONTENIDO CON FORMATO PREESTABLECIDO [R]
Nota de contenido con formato preestablecido [NR] Parte I – V: El derecho en general ; Las fuentes del derecho ; Teoría general de las leyes -- Los derechos subjetivos ; División de los derechos -- Las personas o los sujetos de derecho ; Personas físicas y personas jurídicas ; Estado de las personas -- Objetos de los derechos ; Las cosas y los bienes -- Adquisición y extinción de los derechos ; Actos jurídicos -- Parte sexta: Nociones sumarias sobre las pruebas
506 ## - NOTA DE RESTRICCIONES DE ACCESO [R]
Condiciones de acceso [NR] Consulta en sala
546 ## - NOTA DE IDIOMA [R]
Nota de idioma [NR] Texto en francés
650 #7 - ASIENTO SECUNDARIO DE MATERIA - TERMINO TEMATICO [R]
9 (RLIN) 41578
Término temático o nombre geográfico como elemento de entrada [NR] Derecho civil
Subdivisión geográfica [R] Francia
650 #7 - ASIENTO SECUNDARIO DE MATERIA - TERMINO TEMATICO [R]
9 (RLIN) 8156
Término temático o nombre geográfico como elemento de entrada [NR] Derecho civil
Subdivisión general [R] Textos de estudio
690 ## - ASUNTO AGREGADO LOCAL DE ENTRADA - TÉRMINO TEMÁTICO (OCLC, RLIN)
Acceso temático local Derecho civil
9 (RLIN) 12711
942 ## - ELEMENTOS DE ENTRADA AGREGADOS (KOHA)
Tipo de ítem principal el descrito en 300a Libro
Edición 5
Sistema de clasificación LOCAL
Clasificación E38N050
Existencias
Suprimido Perdido Sistema de clasificación Dañado No prestable Tipo de ítem específico Ubicación habitual Ubicación actual Localización Fecha de creación Forma de adquisición Costo Total préstamos Signatura topográfica Código de barras Última vez visto Ejemplar Price effective from Tipo de ítem
    LOCAL     Libro archivo Archivo Histórico Archivo Histórico Archivo histórico 15/02/2016 Donación 0.00   E38N050 L005356 15/02/2016 Ej.1 15/02/2016 Libro
    LOCAL     Libro archivo Archivo Histórico Archivo Histórico Archivo histórico 15/02/2016 Donación 0.00   E38N050 L006626 15/02/2016 Ej.2 01/06/2018 Libro